| 000 | 00556nam a22002177a 4500 | ||
|---|---|---|---|
| 003 | OSt | ||
| 005 | 20220830155156.0 | ||
| 008 | 220830b |||||||| |||| 00| 0 eng d | ||
| 020 | _a9780071259521 | ||
| 040 | _cIFM Library | ||
| 082 | _a338.04 | ||
| 100 | _aHisrich, Robert D. | ||
| 245 | _aEntrepreneurship | ||
| 250 | _a7th ed. | ||
| 260 |
_aNew York: _bMcgrow.Hill, _c2008 |
||
| 300 |
_axviii,648p. _b:ill.;25cm |
||
| 500 | _aIncludes Index | ||
| 650 | _aEntrepreneurship | ||
| 700 | _aMichael P. Peters, Dean A. Shepherd | ||
| 942 |
_cBK _2ddc _n0 |
||
| 999 |
_c12328 _d12328 |
||